Přerozdělování příjmů daněmi a dávkami v ČR: jeho proměny a reflexe po roce 1989

Premena prerozdeľovania daní a dávok na úrovni domácností. Spojenie prerozdeľovania so sociálnou štruktúrou spoločnosti. Prerozdelenie príjmov v medzinárodnom porovnaní medzi ČR a krajinami OECD.

Gespeichert in:
Bibliographische Detailangaben
1. Verfasser: Večerník, Jiří
Format: Buchkapitel
Sprache:Tschechisch
Schlagworte:
Tags: Tag hinzufügen
Keine Tags, Fügen Sie das erste Tag hinzu!

MARC

LEADER 00000naa a2200000 4500
001 r044523
005 20231004102147.6
041 0 |a cze 
044 |a CZ 
245 1 0 |a Přerozdělování příjmů daněmi a dávkami v ČR: jeho proměny a reflexe po roce 1989  |c Jiří Večerník 
520 |a Premena prerozdeľovania daní a dávok na úrovni domácností. Spojenie prerozdeľovania so sociálnou štruktúrou spoločnosti. Prerozdelenie príjmov v medzinárodnom porovnaní medzi ČR a krajinami OECD. 
610 2 0 |a príjmy obyvateľstva 
610 2 0 |a dane 
610 2 0 |a dávky 
610 2 0 |a redistribúcia 
610 2 0 |a domácnosti 
610 2 0 |a štruktúra sociálna 
610 2 0 |a porovnanie medzinárodné 
610 2 0 |a OECD 
610 2 0 |a 1989-1999 
610 2 0 |a Česko 
100 1 |a Večerník, Jiří